000 01064ngm a22002890a 4500
001 PT19542
003 AR-LpoUNG
005 20210202000312.0
007 vd cvaizq
008 191001s1974||||ag |||||||||||||||||eng d
040 _aAR-LpoUNG
_bspa
_cAR-LpoUNG
_eaacr
041 _aeng
_aspa
044 _aag
082 0 _a920 961mah
100 1 _aRussell, Ken
_edir.
245 1 0 _aMahler
260 _aBuenos Aires :
_bVideo Star,
_c[1974].
300 _aVHS (95 min.) : son., col.
505 0 _aFotografía: Dick Busch - Producción: Roy Baird. - Diálogos en inglés, subtítulos en castellano.
520 _aEs la biografía de Mahler, un eximio compositor y director de orquesta. De origen judío, desde muy niño soportó el antisemitismo. Tuvo una salud precaria y una neurosis obsesiva por la muerte. Ya mayor se caso con una mujer joven, culta y muy bella, teniendo un matrimono apasionado y lleno de conflictos.
650 4 _aBIOGRAFIAS
650 4 _aMUSICA
651 4 _aDinamarca
653 _aVIDEOS
905 _a19542
942 _cVIDEO
999 _c54570
_d54570